000 00587cam a22002291 4500
001 6859165
005 20180201040545.0
008 750630s1925 enka b 000 0 eng
010 _a 25007794
035 _a(OCoLC)1421083
040 _aDLC
_cFJUNF
_dOCoLC
_dDLC
041 _aeng
042 _apremarc
080 _a33 EDG
082 _a33 EDG
100 1 _a52
101 _aEKO
245 1 0 _aPapers relating to political economy,
_cby F.Y. Edgeworth ...
504 _aBibliographical foot-notes.
906 _a7
_bcbc
_coclcrpl
_du
_encip
_f19
_gy-gencatlg
942 _2ddc
_cBK
999 _c41471
_d41471